000 00709nam a2200265Ia 4500
005 20260121171428.0
008 008 260114s9999 xx 000 0 eng d
020 _a9783030177478
037 _aEBOOK
040 _aCRL
040 _beng
040 _cCRL
041 _2eng
041 _aeng
084 _qCRL
100 _aHolm Altenbach, Jacek Chró?cielewski, Victor A. Eremeyev, Krzysztof Wi?niewski
_91076117
245 0 _aRecent Developments in the Theory of Shells
260 _bSpringer
260 _bSpringer
260 _c2019
856 _uhttps://link.springer.com/openurl?genre=book&isbn=978-3-030-17747-8
942 _cEBOOK
999 _c1641847
_d1641847